| 000 | 00951nas a2200301 4500 | ||
|---|---|---|---|
| 001 | BR8404596 | ||
| 003 | BR-BrBNA | ||
| 005 | 20231205090002.0 | ||
| 007 | ta | ||
| 008 | 230509b bl.|||p| |||| 00| 00por d | ||
| 040 |
_aBR-BrBNA _bpor _cBiblioteca Nacional de Agricultura |
||
| 041 | _a(Pt) | ||
| 072 | _aF60 | ||
| 100 | 1 | _aSpoladore, D.S. | |
| 100 | 1 | _aBenatti Junior, R. | |
| 100 | 1 | _aTeixeira, J.P.F. | |
| 100 | 1 | _aTeixeira, M.A. | |
| 100 | 1 | _aAzzini, A. | |
| 111 | 1 |
_a35. Reuniao Anual da Sociedade Brasileira para o Progresso da Ciencia _cBelem, PA (Brazil) _d6-13 Jul 1983 |
|
| 245 | 1 | _aComposicao quimica das folhas e dimensoes das fibras lenhosas em rami [Boehmeria mivea] | |
| 650 | _aRAMI | ||
| 650 | _aFIBRA | ||
| 650 | _aCOMPOSICAO QUIMICA | ||
| 650 | _aFOLHA | ||
| 773 | 0 |
_tBragantia (Brazil) _xISSN 0006-8705 _g(1984), v. 43(1) p. 229-236 _wBR8404596 |
|
| 909 |
_a202311 _bLúcia _c55 _dLúcia Elande |
||
| 942 |
_2AGRIS _n0 _cANA |
||
| 999 |
_c115298 _d115298 |
||